00407pab a2200133 454500008004000000100002100040245008600061260000900147300001500156362001000171650003800181650002000219773003400239180718b2000 xxu||||| |||| 00| 0 eng d aPrasad, Purendra aHealth care access and marginalised social spaces: leptospirosis in South Gujarat c2000 ap.3688-694 a7 Oct aHealth services - India - Gujarat aHealth services aEconomic and Political Weekly